What is life, a guide to Biology with Physiology (Record no. 256051)
[ view plain ]
| 000 -LEADER | |
|---|---|
| fixed length control field | 00475nam a22001937a 4500 |
| 003 - CONTROL NUMBER IDENTIFIER | |
| control field | OSt |
| 005 - DATE AND TIME OF LATEST TRANSACTION | |
| control field | 20170306153015.0 |
| 008 - FIXED-LENGTH DATA ELEMENTS--GENERAL INFORMATION | |
| fixed length control field | 170306b xxu||||| |||| 00| 0 eng d |
| 010 ## - LIBRARY OF CONGRESS CONTROL NUMBER | |
| LC control number | 2009942967 |
| 020 ## - INTERNATIONAL STANDARD BOOK NUMBER | |
| International Standard Book Number | 9781429246699 |
| International Standard Book Number | 1429246693 |
| International Standard Book Number | 9781429246668 |
| International Standard Book Number | 1429246669 |
| 040 ## - CATALOGING SOURCE | |
| Transcribing agency | RU |
| 100 ## - MAIN ENTRY--PERSONAL NAME | |
| Personal name | Jay Phelan |
| 245 ## - TITLE STATEMENT | |
| Title | What is life, a guide to Biology with Physiology |
| 260 ## - PUBLICATION, DISTRIBUTION, ETC. (IMPRINT) | |
| Place of publication, distribution, etc | Newyork |
| Name of publisher, distributor, etc | W.H. Freeman |
| Date of publication, distribution, etc | 2011 |
| 942 ## - ADDED ENTRY ELEMENTS (KOHA) | |
| Source of classification or shelving scheme | Library of Congress Classification |
| Koha item type | Long Loan Books |
| Withdrawn status | Lost status | Source of classification or shelving scheme | Damaged status | Not for loan | Collection code | Home library | Current library | Shelving location | Date acquired | Total Checkouts | Full call number | Barcode | Date last seen | Date checked out | Price effective from | Koha item type |
|---|---|---|---|---|---|---|---|---|---|---|---|---|---|---|---|---|
| Library of Congress Classification | Non-fiction | Rongo University Library | Rongo University Library | General Stacks | 06/03/2017 | 1 | QH501 .P48 2011 | 20168604 | 03/12/2025 | 18/11/2025 | 06/03/2017 | Long Loan Books |
